|
|
|
|
| LEADER |
01238nam a2200253 a 4500 |
| 001 |
GR-MES7949 |
| 008 |
010629s1995 gr 000 0 gre d |
| 040 |
|
|
|a GrPaTEI
|b gre
|c GR-PaULI
|
| 040 |
|
|
|a GrPaTEI
|b gre
|c GR-PaULI
|
| 245 |
0 |
0 |
|a Εργαστηριακός οδηγός :
|b τεχνική-οργανικές συνθέσεις /
|c Νικολάου Ε.Αλεξάνδρου;Αναστασίου Γ.Βαρβόγλη;Φαίδωνα Μ.Χατζημιχακάκη.
|
| 260 |
|
|
|a Θεσσαλονίκη :
|b Ζήτη,
|c 1995
|
| 300 |
|
|
|a 242 σελ. :
|b σχεδ.
|
| 500 |
|
|
|a Ευρετήριο σελ.(233-242)
|
| 650 |
|
4 |
|a ΑΡΩΜΑΤΙΚΕΣ ΕΝΩΣΕΙΣ
|
| 650 |
|
4 |
|a ΕΤΕΡΟΚΥΚΛΙΚΕΣ ΕΝΩΣΕΙΣ
|
| 650 |
|
4 |
|a ΝΟΥΚΛΕΟΤΙΔΙΑ
|
| 650 |
|
4 |
|a Οργανική χημεία
|
| 700 |
1 |
|
|a ΑΛΕΞΑΝΔΡΟΥ, Ν.
|
| 700 |
1 |
|
|a Βαρβογλής, Αναστάσιος
|
| 700 |
1 |
|
|a ΧΑΤΖΗΜΙΧΑΛΑΚΗΣ, Φ.
|
| 942 |
|
|
|2 ddc
|
| 952 |
|
|
|0 0
|1 0
|2 ddc
|4 0
|6 547_000000000000000_ΑΛΕ
|7 0
|9 278326
|a MSLG
|b MSLG
|c BSC
|d 2021-01-17
|e 24
|f 0
|g 0.00
|l 1
|m 1
|o 547 ΑΛΕ
|p 2420000011750
|r 2024-04-01 00:00:00
|s 2024-02-20
|t 1
|w 2021-01-17
|y BK15
|x 20010629 0 1
|x GrPaTEI
|
| 971 |
|
|
|a .b25864191
|b 16-04-20
|c 14-09-16
|
| 999 |
|
|
|c 161905
|d 161905
|